Landen met Tropisch Regenwoud en Gletsjers - Statistieken

Algemene statistieken
  • Deze quiz is 1.142 keer genomen
  • De gemiddelde score is 12 van 19
Antwoordstatistieken
Land % Correct
Peru
78%
Chili
76%
Colombia
73%
India
72%
Indonesië
72%
Verenigde Staten
72%
Bolivia
68%
Democratische Republiek Congo
68%
Ecuador
68%
Venezuela
68%
Australië
66%
Mexico
62%
Tanzania
57%
Nieuw-Zeeland
56%
Japan
54%
Kenia
53%
Frankrijk
40%
Oeganda
40%
Verenigd Koninkrijk
35%
Geen overeenkomende quizzen gevonden
Scoreverdeling
Procent van Mensen met Elke Score
Percentiel versus Aantal Correcte Antwoorden
Uw Scoregeschiedenis
U heeft deze quiz nog niet genomen